Декоративные растения и композиции

Detalles Bibliográficos
Autor Principal: Кирильчик Л. А. Людмила Александровна
Summary:В книге популярно рассказывается о новых перспективных приемах и способах озеленения дворов, межквартальных пространств, территорий промышленных предприятий, пришкольных и дачных участков, а также балконов и лоджий декоративными растениями. Дана информация о цветочно-декоративных растениях, применяемых для формирования композиций. Адресуется широкому кругу читателей.
Idioma:ruso
Publicado: Минск, Полымя, 1981
Subjects:
Formato: Libro
KOHA link:https://koha.lib.tpu.ru/cgi-bin/koha/opac-detail.pl?biblionumber=81185

MARC

LEADER 00000nam0a2200000 4500
001 81185
005 20231031095039.0
020 |a RU  |b 81-26242 
035 |a (RuTPU)RU\TPU\book\87281 
090 |a 81185 
100 |a 20050917d1981 m y0rusy5003 ca 
101 0 |a rus 
102 |a BY 
105 |a a z 001zy 
200 1 |a Декоративные растения и композиции  |f Л. А. Кирильчик 
210 |a Минск  |c Полымя  |d 1981 
215 |a 111 с.  |c ил. 
318 |5 63413507  |a Плоды земли. Во саду ли, в огороде  |b выставка 
320 |a Библиогр.: с. 103-104 
320 |a Терминологический словарь: с. 105-109 
330 |a В книге популярно рассказывается о новых перспективных приемах и способах озеленения дворов, межквартальных пространств, территорий промышленных предприятий, пришкольных и дачных участков, а также балконов и лоджий декоративными растениями. Дана информация о цветочно-декоративных растениях, применяемых для формирования композиций. Адресуется широкому кругу читателей. 
610 1 |a ландшафтная архитектура 
610 1 |a декоративные растения 
610 1 |a Белоруссия 
610 1 |a композиции 
610 1 |a многолетники 
610 1 |a однолетники 
675 |a 635  |z rus 
700 1 |a Кирильчик  |b Л. А.  |g Людмила Александровна  |4 070 
801 0 |a RU  |b RuMRKP  |c 19950704  |g psbo 
801 1 |a RU  |b 63413507  |c 20050917  |g PSBO 
801 2 |a RU  |b 63413507  |c 20100929  |g PSBO 
942 |c BK